Score 0/15 Timer 05:00
5 Plays Today
Hint Answer % Correct
Plains state known as 'The Sunflower State'Kansas
93.4%
Southeastern state known as 'The Bluegrass State'Kentucky
92%
State capital of AlaskaJuneau
90.8%
State capital of MississippiJackson
89.2%
Florida's southernmost point, lying roughly 90 miles north of CubaKey West
79.4%
State capital of MissouriJefferson City
74.4%
New Jersey suburb of New York City and the state's second largest cityJersey City
63.1%
North Carolina city made famous by the Wright brothers first flightKitty Hawk
61%
Hint Answer % Correct
First state capital of Tennessee and the state's third largest cityKnoxville
55.6%
Southern Californian National Park known for its namesake yucca treesJoshua Tree National Park
47.6%
The third largest city in IllinoisJoliet
40.7%
Hawaiian island that was the first reached by a EuropeanKaua'i
38.4%
Virginia river that passes by Richmond and flows to the Chesapeake BayJames River
29.3%
Southern Alaskan island which is the second largest in the U.S.Kodiak
28.1%
Californian National Park with a picturesque glacier-carved valleyKings Canyon National Park
11.7%
Remove Ads.
Support Sporcle.
Get the best of Sporcle when you Go Orange. This ad-free experience offers more features, more stats, and more fun while also helping to support Sporcle. Thank you for becoming a member.

You're not logged in!

Compare scores with friends on all Sporcle quizzes.
OR
Log In

Show Comments

Extras

Top Quizzes Today


Score Distribution

Your Account Isn't Verified!

In order to create a playlist on Sporcle, you need to verify the email address you used during registration. Go to your Sporcle Settings to finish the process.

Report this User

Report this user for behavior that violates our Community Guidelines.

Details: